000 00320nam a2200121Ia 4500
008 240624s9999 xx 000 0 und d
041 _aeng
082 _a170 LAN
100 _aSHAFER LANDAU RUSSELL
245 _aETHICAL THEORY AN ANTHOLOGY BLACKWELL PH
260 _c2007
_aVictoria
_bWIley-Blackwell
300 _a816 : p.
999 _c18116
_d18116